000 00673cam a22002051 4500
001 sa 68018777
003 DLC
005 20260227112714.0
008 730321s1963 xx 000 0 ind
010 _asa 68018777
035 _a(OCoLC)585448
040 _aDLC
_cOAU
_dDLC
042 _apremarc
050 0 0 _aBJ1595
_b.N28
100 1 _aNasroen, M.
245 1 0 _aBisikan sukma,
_coleh M. Nasroen. Prakata oleh H. A. Notosoetardjo. Disambut oleh A. Wahid Hasjim.
260 _aDjakarta,
_bPenerbitan bersama: "Lembaga Penggali dan Penggali dan penghimpun Sedjarah Revolusi Indonesia" "Endang"-"Pemuda",
_c1963.
300 _a44 p.
_c23 cm.
650 0 _aConduct of life.
999 _c88638
_d88638